Awarah gard ashar (Record no. 1465688)
[ view plain ]
| 000 -LEADER | |
|---|---|
| fixed length control field | 00640 a2200205 4500 |
| 005 - DATE AND TIME OF LATEST TRANSACTION | |
| control field | 20260311110829.0 |
| 008 - FIXED-LENGTH DATA ELEMENTS--GENERAL INFORMATION | |
| fixed length control field | 260311b |||||||| |||| 00| 0 eng d |
| 037 ## - SOURCE OF ACQUISITION | |
| Terms of availability | TB |
| 040 ## - CATALOGING SOURCE | |
| Original cataloging agency | CRL |
| Transcribing agency | CRL |
| 041 ## - LANGUAGE CODE | |
| Source of code | URD |
| Language code of text/sound track or separate title | URD |
| 084 ## - COLON CLASSIFICATION NUMBER | |
| Classification number | O164,1:g P3 |
| Item number | CRL |
| 245 ## - TITLE STATEMENT | |
| Title | Awarah gard ashar |
| 260 ## - PUBLICATION, DISTRIBUTION, ETC. | |
| Place of publication, distribution, etc. | Patna, India: |
| Name of publisher, distributor, etc. | Khuda Bakhsh Oriental public library, |
| Date of publication, distribution, etc. | 2003. |
| 300 ## - PHYSICAL DESCRIPTION | |
| Extent | 44p. |
| 365 ## - TRADE PRICE | |
| Price amount | 30.00 |
| Currency code | INT |
| 650 ## - SUBJECT ADDED ENTRY--TOPICAL TERM | |
| Topical term or geographic name entry element | Persian Literature |
| 650 ## - SUBJECT ADDED ENTRY--TOPICAL TERM | |
| Topical term or geographic name entry element | Persian Poetry |
| 942 ## - ADDED ENTRY ELEMENTS (KOHA) | |
| Koha item type | Textbook |
| Source of classification or shelving scheme | Colon Classification (CC) |
| Classification part | O164,1:g P3 |
| Withdrawn status | Lost status | Source of classification or shelving scheme | Damaged status | Not for loan | Home library | Current library | Date acquired | Source of acquisition | Cost, normal purchase price | Inventory number | Total Checkouts | Full call number | Barcode | Date last seen | Cost, replacement price | Price effective from | Koha item type |
|---|---|---|---|---|---|---|---|---|---|---|---|---|---|---|---|---|---|
| Colon Classification (CC) | Arts Library | Arts Library | 2025-12-29 | Nadwi Publications | 24.00 | 2013 & 11.12.2025 | O164,1:g P3 | CL1924804 | 2025-12-29 | 30.00 | 2025-12-29 | Textbook |
